000 00814nam a2200253Ia 4500
003 OSt
005 20220923211416.0
006 a|||||r|||| 00| 0
007 ta
008 Pun
020 _a9788190995368 (hbk)
_c150
024 _a280,566
037 _b801, 09/03/2014, H.K. Prakashan
_cTextual
040 _aARTS
_cARTS
_bPun
041 _2Pun
_aPun
082 _aO153,6M97w, Q1
100 _aਨਾਨਕ ਸਿੰਘ
245 0 _aਮੇਰੀ ਜੀਵਨ ਪਟਾਰੀ ਚੋ੍ਵ
260 _aਦਿੱਲੀ
_b ਨਾਨਕ ਸਿੰਘ ਪੁਸਤਕ ਮਾਲਾ
_c1990
300 _a128ਪੰ
_ccm.
650 _aਪੰਜਾਬੀ ਸਾਹਿਤ
942 _hO153,6M97w, Q1
_cTEXL
_2CC
999 _c299189
_d299189